000 00696cam a2200157 4500500
005 20260201094951.0
041 _afre
042 _adc
100 1 0 _aLeclerc, Patrice
_eauthor
245 0 0 _aVivre les risques, entre audace et précaution
260 _c2005.
500 _a76
520 _aResumé « Projet social territorial » des départements, responsabilité du Rmi, programmes de politique pour la jeunesse... Le territoire est devenu l'acteur majeur du social. Enjeux, chances et risques de cette évolution.
786 0 _nRevue Projet | 289 | 6 | 2005-06-01 | p. 41-43 | 0033-0884
856 4 1 _uhttps://shs.cairn.info/revue-projet-2005-6-page-41?lang=fr&redirect-ssocas=7080
999 _c1640804
_d1640804